[Event "RUS-chT Rapid (Women)"]
[Site "Sochi"]
[Date "2021.10.16"]
[Round "7.2"]
[White "Elnikova, Milena"]
[Black "Dimitrova, Aleksandra"]
[Result "0-1"]
[WhiteElo "1412"]
[BlackElo "2197"]
[PlyCount "94"]
[EventDate "2021.10.15"]
[EventType "team-swiss (rapid)"]
[EventRounds "9"]
[EventCountry "RUS"]
[SourceTitle "CBM 204 Extra"]
[Source "ChessBase"]
[SourceDate "2021.11.30"]
[SourceVersion "1"]
[SourceVersionDate "2021.11.30"]
[SourceQuality "1"]
[WhiteTeam "Belgorodsk Region (W)"]
[BlackTeam "Moscow SSh Yunost (W)"]
[WhiteTeamCountry "RUS"]
[BlackTeamCountry "RUS"]

1. d4 Nf6 2. Bf4 d5 3. e3 e6 4. Nf3 Bd6 5. Bg3 0-0 6. Bd3 c5 7. c3 Nc6 8. 0-0 b6 9. Qa4 Bb7 10. Ba6 Bxa6 11. Qxa6 Ne4 12. Nbd2 f5 13. Bxd6 Qxd6 14. g3 c4 15. Qa4 Rab8 16. Qc2 b5 17. b4 cxb3 18. axb3 Rfc8 19. Qd3 a5 20. Rfc1 h6 21. Ne1 Rc7 22. f4 Ra7 23. Nxe4 fxe4 24. Qd2 a4 25. bxa4 bxa4 26. Rcb1 Rxb1 27. Rxb1 Na5 28. Qa2 Nc4 29. Kf2 a3 30. Nc2 Nb2 31. Nb4 Qb6 32. Ke2 Qb5+ 33. Kf2 Nd3+ 34. Kg2 Nxb4 35. cxb4 Kh7 36. Kh3 Ra4 37. Qb3 a2 38. Ra1 Rxb4 39. Qxa2 Rb2 40. Qa6 Qe8 41. g4 h5 42. g5 Qf7 43. Kg3 h4+ 44. Kxh4 Rxh2+ 45. Kg3 Qh5 46. g6+ Kh6 47. Qxe6 Qh4# 0-1

[Event "RUS-chT (Women)"]
[Site "Sochi"]
[Date "2020.11.25"]
[Round "6.1"]
[White "Getman, Tatyana"]
[Black "Elnikova, Milena"]
[Result "1-0"]
[WhiteElo "2303"]
[BlackElo "1435"]
[PlyCount "73"]
[EventDate "2020.11.19"]
[EventType "team-swiss"]
[EventRounds "9"]
[EventCountry "RUS"]
[SourceTitle "CBM 199 Extra"]
[Source "ChessBase"]
[SourceDate "2021.01.31"]
[SourceVersion "1"]
[SourceVersionDate "2021.01.31"]
[SourceQuality "1"]
[WhiteTeam "St Petersburg SHSH (W) II"]
[BlackTeam "Belgorodsk Region (W)"]
[WhiteTeamCountry "RUS"]
[BlackTeamCountry "RUS"]

1. d4 Nf6 2. c4 g6 3. Nc3 Bg7 4. e4 d6 5. Nf3 0-0 6. h3 Nbd7 7. Bg5 h6 8. Be3 c5 9. d5 Kh7 10. Bd3 Ng8 11. Qd2 Ne5 12. Nxe5 Bxe5 13. 0-0-0 f5 14. exf5 Bxf5 15. Bxf5 Rxf5 16. g4 Rf8 17. h4 Qd7 18. Rdg1 Bg7 19. f4 Nf6 20. f5 Qe8 21. g5 Ng8 22. fxg6+ Qxg6 23. gxh6 Bxc3 24. Qxc3 Qf6 25. Rg7+ Kh8 26. Bd2 Rae8 27. Rhg1 Qxc3+ 28. Bxc3 Nf6 29. h7 Ne4 30. Rg8+ Kxh7 31. R8g7+ Kh6 32. Be1 Rf6 33. R7g4 Nf2 34. Bd2+ Kh7 35. Rg7+ Kh8 36. R7g5 Rh6 37. Bc3+ 1-0

[Event "RUS-chT (Women)"]
[Site "Sochi"]
[Date "2020.11.23"]
[Round "5.6"]
[White "Elnikova, Milena"]
[Black "Goltseva, Ekaterina"]
[Result "0-1"]
[WhiteElo "1435"]
[BlackElo "2306"]
[PlyCount "62"]
[EventDate "2020.11.19"]
[EventType "team-swiss"]
[EventRounds "9"]
[EventCountry "RUS"]
[SourceTitle "CBM 199 Extra"]
[Source "ChessBase"]
[SourceDate "2021.01.31"]
[SourceVersion "1"]
[SourceVersionDate "2021.01.31"]
[SourceQuality "1"]
[WhiteTeam "Belgorodsk Region (W)"]
[BlackTeam "Nizhny Novgorod Region (W)"]
[WhiteTeamCountry "RUS"]
[BlackTeamCountry "RUS"]

1. e4 c5 2. d3 Nc6 3. Nd2 d6 4. g3 g6 5. Bg2 Bg7 6. Ngf3 e5 7. 0-0 Nge7 8. Re1 0-0 9. Nf1 h6 10. h4 f5 11. Bd2 Be6 12. Qc1 Kh7 13. N1h2 Qd7 14. Kh1 d5 15. exf5 gxf5 16. Ng1 d4 17. f4 Bd5 18. fxe5 Nxe5 19. Ngf3 Ng4 20. Kg1 Ng6 21. Bf4 Rae8 22. Qd2 Nxf4 23. gxf4 Ne3 24. Nf1 Nxg2 25. Qxg2 Bf6 26. Kh1 Rg8 27. Qh3 Rg4 28. N1h2 Rxh4 29. Qf1 Rg8 30. Qf2 Qf7 31. Rg1 Rxh2+ 0-1